000
00295nam a2200109Ia 4500
008
220204s9999 xx 000 0 und d
082
_a
620(031)
_b
BEV
245
0
_a
Encyclopedia of material science and engineering. 8 V
260
_a
New York
_b
Pergamon
_c
1986
700
_a
Bever, M B
942
_c
BK
999
_c
39838
_d
39838